लोड हो रहा है...
| LEADER | 00693nam a2200145Ia 4500 | ||
|---|---|---|---|
| 001 | 59601 | ||
| 008 | 170722s9999 xx 000 0 und d | ||
| 100 | |a Vikraman Nair, Sreerangam | ||
| 245 | |a Yagam / | ||
| 260 | |c 1969. | ||
| 942 | |c GEN | ||
| 999 | |c 75193 |d 75193 | ||
| 952 | |0 1 |1 0 |4 0 |6 O_322NVI2Y_K9K91K92_KKR |7 0 |9 106454 |a LIB |b LIB |d 2017-08-12 |o O32,2NVI2,Y K9-K9;1-K9;2 (K)(KR) |p 127485 |r 2017-08-12 |w 2017-08-12 |y GEN | ||
| 952 | |0 0 |1 0 |4 0 |6 O_322NVI2Y_K9K91K92_KKR |7 0 |9 106455 |a LIB |b LIB |d 2017-08-12 |o O32,2NVI2,Y K9-K9;1-K9;2 (K)(KR) |p 135014 |r 2017-08-12 |w 2017-08-12 |y GEN | ||
| 952 | |0 0 |1 0 |4 0 |6 O_322NVI2Y_K9K91K92_KKR |7 0 |9 106456 |a LIB |b LIB |d 2017-08-12 |o O32,2NVI2,Y K9-K9;1-K9;2 (K)(KR) |p 180156 |r 2017-08-12 |w 2017-08-12 |y GEN | ||